| 000 | 00578nam a2200205 a 4500 | ||
|---|---|---|---|
| 005 | 20210219153026.0 | ||
| 008 | 991125n 000 0 spa u | ||
| 035 | _aUPN01000073339 | ||
| 100 | 1 | _aRuiz Cruz, Juana Josefa | |
| 222 |
_aCAMINOS ABIERTOS : _bREVISTA PEDAGOGICA |
||
| 245 | _aEcología y contaminación linguística | ||
| 300 | _a13-19 | ||
| 362 | 0 | _a2000 9 (105-106) | |
| 653 | 0 | _aECOLOGIA | |
| 653 | 0 | _aEDUCACION AMBIENTAL | |
| 653 | 0 | _aMEDIO AMBIENTE | |
| 700 | 1 |
_aRamírez Beltrán, Rafael Tonatiuh, _ecoaut. |
|
| 904 |
_aAC _b011150 |
||
| 905 | _aArticulo | ||
| 999 |
_c66352 _d66352 |
||